<?xml version="1.0" encoding="UTF-8"?>
<collection xmlns="http://www.loc.gov/MARC21/slim">
 <record>
  <leader>01692nam a2200265 a 4500</leader>
  <controlfield tag="001">1/55755</controlfield>
  <controlfield tag="008">230404s2016    gr a     b    000 | gre d</controlfield>
  <datafield tag="020" ind1=" " ind2=" ">
   <subfield code="a">9789605781002</subfield>
  </datafield>
  <datafield tag="040" ind1=" " ind2=" ">
   <subfield code="a">GR-PeUP</subfield>
  </datafield>
  <datafield tag="082" ind1="0" ind2="0">
   <subfield code="a">004.6 BAR ΜΤΦ</subfield>
  </datafield>
  <datafield tag="100" ind1="1" ind2=" ">
   <subfield code="a">Barabási, Albert-László.</subfield>
  </datafield>
  <datafield tag="245" ind1="0" ind2="0">
   <subfield code="a">Επιστήμη δικτύων /</subfield>
   <subfield code="c">Albert-László Barabási ; επιμέλεια Δημήτριος Κατσαρός, Ιωάννης Μανωλόπουλος, Απόστολος Ν. Παπαδόπουλος.</subfield>
  </datafield>
  <datafield tag="260" ind1=" " ind2=" ">
   <subfield code="a">Αθήνα : </subfield>
   <subfield code="b">Εκδόσεις Νέων Τεχνολογιών,</subfield>
   <subfield code="c">c2016.</subfield>
  </datafield>
  <datafield tag="300" ind1=" " ind2=" ">
   <subfield code="a">xxiv, 407 σ. : </subfield>
   <subfield code="b">εικ. (μερικές έγχρ.), σχήματα, πίνακες ; </subfield>
   <subfield code="c">29 εκ.</subfield>
  </datafield>
  <datafield tag="500" ind1=" " ind2=" ">
   <subfield code="a">Μετάφραση του : Network science.</subfield>
  </datafield>
  <datafield tag="500" ind1=" " ind2=" ">
   <subfield code="a">Περιεχόμενα: 1. Προσωπική εισαγωγή -- 2. Εισαγωγή -- 2. θεωρία γράφων -- 3. Τυχαία δίκτυα -- 4. Ιδιότητα άνευ κλίμακας -- 5. Το μοντέλο Barabasi-Albert -- 6. Εξελισσόμενα δίκτυα -- 7. Συσχετίσεις βαθμών -- 8. Ευρωστία δικτύων -- 9. Κοινότητες -- 10. Φαινόμενα εξάπλωσης.</subfield>
  </datafield>
  <datafield tag="504" ind1=" " ind2=" ">
   <subfield code="a">Περιλαμβάνει βιβλιογραφικές παραπομπές.</subfield>
  </datafield>
  <datafield tag="650" ind1=" " ind2="0">
   <subfield code="a">Computer networks.</subfield>
  </datafield>
  <datafield tag="650" ind1=" " ind2="0">
   <subfield code="a">Information networks.</subfield>
  </datafield>
  <datafield tag="650" ind1=" " ind2="4">
   <subfield code="a">Δίκτυα υπολογιστών.</subfield>
  </datafield>
  <datafield tag="650" ind1=" " ind2="4">
   <subfield code="a">Δίκτυα πληροφοριών.</subfield>
  </datafield>
  <datafield tag="700" ind1="1" ind2=" ">
   <subfield code="a">Κατσαρός, Δημήτριος.</subfield>
  </datafield>
  <datafield tag="700" ind1="1" ind2=" ">
   <subfield code="a">Μανωλόπουλος, Ιωάννης,</subfield>
   <subfield code="d">1957-</subfield>
  </datafield>
  <datafield tag="700" ind1="1" ind2=" ">
   <subfield code="a">Παπαδόπουλος, Απόστολος Ν.</subfield>
  </datafield>
  <datafield tag="960" ind1=" " ind2=" ">
   <subfield code="a">ΑΛΜΠΑΝΗ ΤΑΝΙΑ</subfield>
  </datafield>
 </record>
</collection>
